| 000 | 01266nam a2200349Ia 4500 | ||
|---|---|---|---|
| 001 | dia_5436 | ||
| 003 | CHAP | ||
| 005 | 20240124112014.0 | ||
| 007 | ta | ||
| 008 | 220117s1989 mx ae fr 001 0 spa d | ||
| 040 |
_cCHAP _amxchpua |
||
| 090 |
_aT.C.72 _bP66 ETIPA _c1989 |
||
| 245 | 1 | 0 |
_aEstudio técnico e ingenieril de congeladora CENTAURO, S. A. / _ccoordinador Jorge Luis Ponce Ocampo ; colaboradores Isaías Anguiano Zamora...[et al.] |
| 260 |
_aMéxico : _bEl autor, _c1989 |
||
| 300 |
_a65 hojas : _bilustraciones, diagramas, planos |
||
| 336 |
_2rdacontent _atexto _btxt |
||
| 337 |
_2rdamedia _asin medio _bn |
||
| 338 |
_2rdacarrier _avolumen _bnc |
||
| 500 | _a7° año | ||
| 502 |
_aViaje de estudios _b(ETIPA) -- _cUACh. Departamento de Ingeniería Agroindustrial, _d1989 |
||
| 504 | _aBibliografía: hojas 64-65 | ||
| 650 | 1 | 3 |
_aAlimentos congelados _xIndustria _9158555 _zMéxico |
| 650 | 1 | 3 |
_aFrozen foods industry _9158556 _zMexico |
| 700 | 1 |
_aPonce Ocampo, Jorge Luis _990805 _ecoordinador |
|
| 700 | 1 |
_aAnguiano Zamora, Isaías _9158557 _ecolaborador |
|
| 901 | _aT.C.72 P66 ETIPA 1989 | ||
| 902 | _aM | ||
| 905 | _a5332271989 mx ei 8222223322spa16 | ||
| 942 | _2local | ||
| 942 | _cVE | ||
| 999 |
_c176336 _d176336 |
||